Policy aspects of housebuilding on farmland in Britain (Record no. 11887)

MARC details
000 -LEADER
fixed length control field 00925cab a2200217 4500
001 - CONTROL NUMBER
control field ABS39639
008 - FIXED-LENGTH DATA ELEMENTS--GENERAL INFORMATION
fixed length control field 090401t1988 xxu||||| |||| 00| 0 eng d
035 ## - SYSTEM CONTROL NUMBER
System control number (Sirsi) u17922
041 ## - LANGUAGE CODE
Language code of text/sound track or separate title eng
100 ## - MAIN ENTRY--PERSONAL NAME
Personal name Shucksmith, M.
245 ## - TITLE STATEMENT
Title Policy aspects of housebuilding on farmland in Britain
260 ## - PUBLICATION, DISTRIBUTION, ETC.
Date of publication, distribution, etc. 1988
350 ## - PRICE (NR) (BK AM CF MU VM SE) [OBSOLETE]
Price 0
490 ## - SERIES STATEMENT
Series statement Land Development Studies
Volume/sequential designation 5(2) May 1988, 129-138(10)
520 ## - SUMMARY, ETC.
Summary, etc. Reviews post-war policies for rural settlement and agriculture in Britain and reconsiders them in the context of EEC surplus farm production and pressures for increased housebuilding . Summarises recent policy changes and discusses the potential of rural settlement strategies and the criteria against which they might be evaluated. References. (Journal available for reference only)
650 ## - SUBJECT ADDED ENTRY--TOPICAL TERM
Topical term or geographic name entry element FARMING
650 ## - SUBJECT ADDED ENTRY--TOPICAL TERM
Topical term or geographic name entry element HOUSING
690 ## - LOCAL SUBJECT ADDED ENTRY--TOPICAL TERM (OCLC, RLIN)
Topical term or geographic name as entry element PLANNING LAW AND PRACTICE
942 ## - ADDED ENTRY ELEMENTS (KOHA)
Suppress in OPAC 0
948 ## - LOCAL PROCESSING INFORMATION (OCLC); SERIES PART DESIGNATOR (RLIN)
c (OCLC) 04/03/1997
Holdings
Withdrawn status Lost status Source of classification or shelving scheme Damaged status Not for loan Home library Current library Shelving location Date acquired Total Checkouts Full call number Barcode Date last seen Copy number Price effective from Koha item type
    Dewey Decimal Classification     London London Journal article 14/09/1999   ABS39639 17922-1001 06/08/2019 1 06/08/2019 Journal article